El silencio /

La modernidad demuestra tener pavor ante el aparente vacío que representa el silencio: ha abierto la veda contra todas las formas del silencio; lo exorciza, lo mantiene alejado, lo considera políticamente incorrecto. Y "justifica" su fobia, afirmado que la palabra es el único antídoto contra las múl...

Descripción completa

Detalles Bibliográficos
Autor principal: Le Breton, David 1953-
Formato: Libro
Lenguaje:español
Publicado: Madrid Sequitur 2009
Edición:3a.ed.
Materias:

MARC

LEADER 00000cam a2200000 a 4500
001 003807
003 UAHC_CL
005 20170803115957.0
008 121227s2009 sp 000 spa
020 |z 9788495366 
040 |a UAHC_CL  |c UAHC_CL  |d UAHC_CL 
082 0 4 |a 302.2  |b L452  |2 21 
100 1 |a Le Breton, David  |d 1953- 
245 1 3 |a El silencio /  |c David Le Breton. 
250 |a 3a.ed. 
260 |b Sequitur  |a Madrid  |c 2009 
300 |a 228 p. 
520 |a La modernidad demuestra tener pavor ante el aparente vacío que representa el silencio: ha abierto la veda contra todas las formas del silencio; lo exorciza, lo mantiene alejado, lo considera políticamente incorrecto. Y "justifica" su fobia, afirmado que la palabra es el único antídoto contra las múltiples manifestaciones de totalitarismo que pretenden recudir la sociedad al silencio. El silencio se ha convertido en un intruso, un abismo en el discurso, un factor de desasosiego, una circunstancia ilegítima. 
521 |a Análisis crítico de obras coreográficas 
650 4 |a SILENCIO (FILOSOFIA) 
650 4 |a ANTROPOLOGIA 
653 |a DANZA 
658 |a González Undurraga, Fernanda 
900 |a 302.2 LEB 
942 |c BK 
952 |0 0  |1 0  |4 0  |6 302_200000000000000_LEB  |7 0  |8 General  |9 8502  |a BS  |b BS  |c General  |d 2017-08-03  |l 0  |o 302.2 LEB  |p 1402043  |r 2025-11-26 00:00:00  |t 1  |w 2017-08-03  |y BK 
952 |0 0  |1 0  |4 0  |6 302_200000000000000_LEB  |7 0  |8 General  |9 8503  |a BS  |b BS  |c General  |d 2017-08-03  |l 3  |m 5  |o 302.2 LEB  |p 1402044  |r 2025-11-26 00:00:00  |s 2025-03-19  |t 2  |w 2017-08-03  |y BK 
952 |0 0  |1 0  |4 0  |6 302_200000000000000_LEB  |7 0  |8 General  |9 8504  |a BS  |b BS  |c General  |d 2017-08-03  |l 3  |m 6  |o 302.2 LEB  |p 1402045  |r 2025-11-26 00:00:00  |s 2022-11-14  |t 3  |w 2017-08-03  |y BK 
999 |c 3807  |d 3807